000 00422nam a2200145 i 4500
001 bg
100 1 _aKOWALSKI, Robert
245 0 _aLogika w rozwiązywaniu zadań /
_cRobert Kowalski.
260 _aWarszawa,
_c1989.
040 _cBPK
041 _apol
942 _cKS
008 s pl f |000 0 pol
856 _uhttp://koha.tu.koszalin.pl/cgi-bin/koha/opac-detail.pl?biblionumber=6163
_yKatalog online BPK
999 _c6163
_d6163